| 000 | 01136nam a22002297a 4500 | ||
|---|---|---|---|
| 999 |
_c33528 _d33528 |
||
| 003 | OSt | ||
| 005 | 20240411062540.0 | ||
| 008 | 150408b2021 slv spa | ||
| 040 | _cBMC | ||
| 082 | _a333.7068 | ||
| 100 | 1 |
_941353 _aTrujillo Rugamas, Javier Alejandro |
|
| 245 | 1 | 0 |
_aEvaluación de productos biológicos, botánicos y químicos viñeta verde para el control de nematodos en cultivo de Tomate (Solanum lycopersicum) _b: Investigación, informe final _cJavier Alejandro Trujillo Rugamas, Luis Alonso Murgas Peñate, Hugo Mauricio Reyes Orellana |
| 260 |
_aSanta Ana (El Salvador) _bUniversidad Católica de El Salvador _c2022 |
||
| 300 |
_a58 h. _c28 cm _b+ 1 disco compacto |
||
| 500 | _aPrecede al tít.: Universidad Católica de El Salvador, Facultad de Ingeniería y Arquitectura | ||
| 502 | _aPara optar al título de Maestría en gerencia y gestión ambiental | ||
| 650 | 2 | 4 |
_96289 _aGestión del medio ambiente |
| 700 | 1 |
_944149 _aMurgas Peñate, Luis Alonso |
|
| 700 | 1 |
_941347 _aReyes Orellana, Hugo Mauricio |
|
| 710 | 2 |
_aUniversidad Católica de El Salvador _bEscuela de Posgrados _919868 |
|
| 942 |
_2ddc _cTG |
||